Beginner’s guide to mathematical proof (Record no. 49636)

MARC details
000 -LEADER
fixed length control field 01971cam a2200409M 4500
003 - CONTROL NUMBER IDENTIFIER
control field FlBoTFG
005 - DATE AND TIME OF LATEST TRANSACTION
control field 20260416145738.0
008 - FIXED-LENGTH DATA ELEMENTS--GENERAL INFORMATION
fixed length control field 250130s2025 xx o 0|| 0 eng d
020 ## - INTERNATIONAL STANDARD BOOK NUMBER
International Standard Book Number 9781040327050
020 ## - INTERNATIONAL STANDARD BOOK NUMBER
International Standard Book Number 1040327052
020 ## - INTERNATIONAL STANDARD BOOK NUMBER
International Standard Book Number 9781032687728
020 ## - INTERNATIONAL STANDARD BOOK NUMBER
International Standard Book Number 103268772X
020 ## - INTERNATIONAL STANDARD BOOK NUMBER
International Standard Book Number 9781040327074
020 ## - INTERNATIONAL STANDARD BOOK NUMBER
International Standard Book Number 1040327079
020 ## - INTERNATIONAL STANDARD BOOK NUMBER
Cancelled/invalid ISBN 1032687703
020 ## - INTERNATIONAL STANDARD BOOK NUMBER
Cancelled/invalid ISBN 9781032687704
020 ## - INTERNATIONAL STANDARD BOOK NUMBER
Cancelled/invalid ISBN 1032686197
020 ## - INTERNATIONAL STANDARD BOOK NUMBER
Cancelled/invalid ISBN 9781032686196
072 #7 - SUBJECT CATEGORY CODE
Subject category code MAT
Subject category code subdivision 008000
Source bisacsh
072 #7 - SUBJECT CATEGORY CODE
Subject category code PB
Source bicssc
082 04 - DEWEY DECIMAL CLASSIFICATION NUMBER
Classification number 511.36
Edition number 23/eng/20250204
100 1# - MAIN ENTRY--PERSONAL NAME
Personal name DeBonis, Mark J.
245 10 - TITLE STATEMENT
Title Beginner’s guide to mathematical proof
260 ## - PUBLICATION, DISTRIBUTION, ETC. (IMPRINT)
Place of publication, distribution, etc [S.l.] :
Name of publisher, distributor, etc CHAPMAN & HALL CRC,
Date of publication, distribution, etc 2025.
300 ## - PHYSICAL DESCRIPTION
Extent 1 online resource
520 ## - SUMMARY, ETC.
Summary, etc A Beginners Guide to Mathematical Proof prepares mathematics majors for the transition to abstract mathematics, as well as introducing a wider readership of quantitative science students, such as engineers, to the mathematical structures underlying more applied topics. The text is designed to be easily utilized by both instructor and student, with an accessible, step-by-step approach requiring minimal mathematical prerequisites. The book builds towards more complex ideas as it progresses but never makes assumptions of the reader beyond the material already covered. Features No mathematical prerequisites beyond high school mathematics Suitable for an Introduction to Proofs course for mathematics majors and other students of quantitative sciences, such as engineering Replete with exercises and examples
650 #0 - SUBJECT ADDED ENTRY--TOPICAL TERM
Topical term or geographic name as entry element Proof theory.
650 #0 - SUBJECT ADDED ENTRY--TOPICAL TERM
Topical term or geographic name as entry element Mathematics
650 #7 - SUBJECT ADDED ENTRY--TOPICAL TERM
Topical term or geographic name as entry element MATHEMATICS / Discrete Mathematics
856 40 - ELECTRONIC LOCATION AND ACCESS
Uniform Resource Identifier <a href="https://www.taylorfrancis.com/books/9781032687728">https://www.taylorfrancis.com/books/9781032687728</a>
856 42 - ELECTRONIC LOCATION AND ACCESS
Uniform Resource Identifier <a href="http://www.oclc.org/content/dam/oclc/forms/terms/vbrl-201703.pdf">http://www.oclc.org/content/dam/oclc/forms/terms/vbrl-201703.pdf</a>
942 ## - ADDED ENTRY ELEMENTS (KOHA)
Koha item type Electronic Books
Source of classification or shelving scheme Dewey Decimal Classification
650 #0 - SUBJECT ADDED ENTRY--TOPICAL TERM
General subdivision Philosophy.
650 #7 - SUBJECT ADDED ENTRY--TOPICAL TERM
Source of heading or term bisacsh
9 (RLIN) 4
856 40 - ELECTRONIC LOCATION AND ACCESS
Materials specified Taylor & Francis
856 42 - ELECTRONIC LOCATION AND ACCESS
Materials specified OCLC metadata license agreement
Holdings
Withdrawn status Lost status Source of classification or shelving scheme Damaged status Not for loan Home library Location Date of Cataloging Total Checkouts Full call number Barcode Date last seen Uniform Resource Identifier Price effective from Koha item type
    Dewey Decimal Classification     CUTN Central Library CUTN Central Library 16/04/2026   511.36 EB04900 16/04/2026 http://www.taylorfrancis.com/books/9781032687728 16/04/2026 Electronic Books